000 005610000a22001090004500
100 1 _aPalacio M., Humberto
245 1 0 _aTodo comienza por casa
300 _aVol.0, núm.0 (2007), Página 12
520 _aDel viernes 24 al domingo 26 de agostose celebrará en Medellín la tercera versión del evento gastronómico Colombia provoca. Más que una feria de degustación se trata de una manera de reflexionar sobre temas culturales. En este caso, será la cocina parental. ¿De qué se trata?
773 0 _tArcadia / Andrés Felipe Solano, Editor
942 _cANA
999 _c62314
_d62314